000 00283nam a22001097a 4500
999 _c165786
_d165786
082 _a
_b
100 _aPashupatinath Upadhyaya
245 _aAapathkalothar hindi kavitha/
_cbyPashupatinath Upadhyaya.
260 _aMathura:
_bJawahar Pustakalaya,
_c2008.
650 _a
942 _cBK